000 00286nam a2200145Ia 4500
100 _aSamsung
942 _cBK
654 _aAudio
245 _aLinear IC : Audio
260 _bSamsung
_aKorea
_c1990
082 _a621.38173
_bSAM
300 _a700
546 _aENGLISH
999 _c31372
_d31372